Dizajn v cestovnom ruchu - teoretické východiská

Problematika dizajnu v cestovnom ruchu, ktorý otvára možnosti pre uplatnenie konkurenčnej výhody v podmienkach konkurencie. Faktory dizajnu, ktoré sú súčasťou produktu cestovného ruchu a majú vplyv na pritiahnutie zákazníkov.

Uložené v:
Podrobná bibliografia
Hlavný autor: Kubičková, Viera, 1970-
Ďalší autori: Rybanská, Stanislava
Médium: Kapitola
Jazyk:Slovak
Predmet:
Tagy: Pridať tag
Žiadne tagy, Buďte prvý, kto otaguje tento záznam!

MARC

LEADER 00000nla a2200000 4500
001 0176006
005 20240502073013.4
041 0 |a slo 
044 |a SK 
245 1 0 |a Dizajn v cestovnom ruchu - teoretické východiská  |c Viera Kubičková, Stanislava Rybanská 
520 |a Problematika dizajnu v cestovnom ruchu, ktorý otvára možnosti pre uplatnenie konkurenčnej výhody v podmienkach konkurencie. Faktory dizajnu, ktoré sú súčasťou produktu cestovného ruchu a majú vplyv na pritiahnutie zákazníkov. 
610 2 0 |a ruch cestovný 
610 2 0 |a kancelárie cestovné 
610 2 0 |a manažment destinačný 
610 2 0 |a zariadenia rekreačné 
610 2 0 |a služby doplnkové 
610 2 0 |a riadenie vzťahov so zákazníkmi 
610 2 0 |a dizajn 
100 1 |a Kubičková, Viera, 1970- 
700 1 |a Rybanská, Stanislava